[Event "Challenge"]
[Site "http://www.queenalice.com/game.php?id=1094672"]
[Date "2012.8.19"]
[Round "-"]
[White "Aracy"]
[Black "adelio"]
[Result "1-0"]
[WhiteElo "2097"]
[BlackElo "1826"]

1. e4 e5 2. Nf3 f6 3. Nc3 Ne7 4. Bc4 c5 5. O-O Qc7 6. d3 Nbc6 7. Nb5 Qb8 8. Be3
b6 9. Nc3 a6 10. a3 Ra7 11. Nd5 d6 12. Nxe7 Nxe7 13. Qe2 Bg4 14. Rfd1 Ng6 15. h3
Bxf3 16. Qxf3 h5 17. Qf5 Nh4 18. Qe6+ Re7 19. Qd5 b5 20. Qc6+ Rd7 21. Be6 Qb7
22. Bxd7+ Qxd7 23. Qxa6 g5 24. b3 g4 25. hxg4 hxg4 26. c4 Kf7 27. Qxb5 Qe6 28.
Qb7+ Be7 29. Rdb1 g3 30. fxg3 Nxg2 31. Kxg2 Qh3+ 32. Kf3 Qh5+ 33. Kg2 Qh3+ 34.
Kf2 Qh2+ 35. Kf3 Qh5+ 36. g4 Qh3+ 37. Kf2 Qh2+ 38. Kf1 Qh1+ 39. Ke2 Qg2+ 40. Bf2
Qxg4+ 41. Kd2 Qf4+ 42. Ke1 Rh1+ 43. Ke2 Qg4+ 44. Kd2 Rh2 45. Qd5+ Ke8 46. Kc3
Rxf2 47. Rh1 Qc8 48. Rh8+ Bf8 49. Rg1 Qc7 50. Rxf8+ Kxf8 51. Qg8+ Ke7 52. Rg7#
1-0

[Event "Challenge"]
[Site "http://www.queenalice.com/game.php?id=1094673"]
[Date "2012.8.19"]
[Round "-"]
[White "adelio"]
[Black "Aracy"]
[Result "0-1"]
[WhiteElo "1821"]
[BlackElo "2102"]

1. f4 e5 2. f5 d5 3. d4 exd4 4. Qxd4 Bxf5 5. a3 Nc6 6. Qe3+ Nge7 7. c3 Qd7 8.
Nf3 O-O-O 9. Nd4 Nxd4 10. cxd4 g6 11. Nd2 Nc6 12. Nb3 Re8 13. Qc3 Bg7 14. e3 Be4
15. h3 Qd6 16. Qd2 Qg3+ 17. Kd1 Bh6 18. Qe2 Bxe3 19. Bxe3 Bd3 20. Qg4+ Qxg4+ 21.
hxg4 Bxf1 22. Kd2 Bxg2 23. Rhg1 Be4 24. Nc5 h5 25. g5 h4 26. b4 h3 27. Rg4 Bf5
28. Rgg1 h2 29. Rh1 b6 30. Nd3 Rh3 31. Rae1 Nxd4 32. Bxd4 Rxd3+ 33. Kc1 Rxe1+
34. Rxe1 Rxd4 35. Re8+ Kd7 36. Rh8 Rc4+ 37. Kd1 Rc2 38. Rh7 Ke7 39. Rh4 Ra2 40.
Kc1 Be4 41. b5 h1=Q+ 42. Rxh1 Bxh1 43. Kb1 Rxa3 44. Kb2 Rg3 45. Ka2 d4 46. Kb2
d3 47. Kc3 Be4 48. Kd2 Bf5 49. Kc3 Kd6 50. Kd2 Rg2+ 51. Kc3 d2 52. Kc4 d1=Q 53.
Kb4 Qd4+ 54. Kb3 Rg3+ 55. Ka2 Qd2+ 56. Ka1 Rg1# 0-1

[Event "Challenge"]
[Site "http://www.queenalice.com/game.php?id=1097241"]
[Date "2012.8.28"]
[Round "-"]
[White "kaskarker"]
[Black "Aracy"]
[Result "0-1"]
[WhiteElo "1866"]
[BlackElo "2117"]

1. Nf3 d5 2. d4 Nf6 3. Nc3 e6 4. Bd2 Ne4 5. Nxe4 dxe4 6. Ng5 Qxd4 7. c3 Qb6 8.
b4 a5 9. a3 Qc6 10. e3 Be7 11. a4 Bd7 12. Bb5 Qd5 13. Bxd7+ Nxd7 14. Nh3 Ne5 15.
Nf4 Nd3+ 16. Nxd3 exd3 17. O-O Bf6 18. Ra3 axb4 19. cxb4 O-O 20. Qb1 Rfd8 21.
Rd1 Qc6 22. a5 Qc2 23. Ra2 Qxb1 24. Rxb1 c6 25. Rd1 Rd7 26. Be1 Kf8 27. Ra3 Rad8
28. Ra2 Ke7 29. f4 e5 30. fxe5 Bxe5 31. Kf2 Rd6 32. g3 Rf6+ 33. Kg2 h5 34. h4
Rfd6 35. e4 Ke8 36. Kf3 Rf6+ 37. Kg2 Rfd6 38. Kf3 Rg6 39. Rg2 Rf6+ 40. Ke3 Rf1
41. Rgd2 Bc3 42. Rxd3 Rxe1+ 43. Rxe1 Rxd3+ 0-1

[Event "Challenge"]
[Site "http://www.queenalice.com/game.php?id=1098286"]
[Date "2012.8.31"]
[Round "-"]
[White "Aracy"]
[Black "rodrigochess"]
[Result "1-0"]
[WhiteElo "2115"]
[BlackElo "1317"]

1. e4 e5 2. Nf3 Nc6 3. Bc4 Nf6 4. Nc3 d6 5. Ng5 Be7 6. Nxf7 Qd7 7. Nxh8 a6 8.
Nd5 b5 9. Nxf6+ gxf6 10. Qh5+ Kd8 11. Nf7+ Ke8 12. Nxe5+ Kf8 13. Qf7# 1-0

[Event "Challenge"]
[Site "http://www.queenalice.com/game.php?id=1099390"]
[Date "2012.9.3"]
[Round "-"]
[White "deepblueII"]
[Black "Aracy"]
[Result "0-1"]
[WhiteElo "1449"]
[BlackElo "2116"]

1. e4 e5 2. Nc3 Nf6 3. Nf3 Bb4 4. a3 Bxc3 5. bxc3 Nxe4 6. Nxe5 Qe7 7. f4 Qh4+ 8.
g3 Nxg3 9. Nf3 Qe7+ 10. Kf2 Nxh1+ 11. Kg2 O-O 12. Kxh1 Qf6 13. d4 Re8 14. Bg2 d6
15. Rb1 c6 16. Rb3 Qe6 17. Qd3 Nd7 18. Ng5 Qe1+ 19. Bf1 Qxc1 20. Qxh7+ Kf8 21.
Qh3 Re1 22. Kg1 Nc5 23. Nh7+ Kg8 24. Nf6+ gxf6 25. Qg2+ Kh8 26. dxc5 Qe3+ 27.
Qf2 Bh3 0-1

[Event "Challenge"]
[Site "http://www.queenalice.com/game.php?id=1100497"]
[Date "2012.9.7"]
[Round "-"]
[White "Aracy"]
[Black "kaskarker"]
[Result "1-0"]
[WhiteElo "2121"]
[BlackElo "1860"]

1. e4 e5 2. Nf3 Nc6 3. Bc4 d6 4. d3 h6 5. O-O g5 6. Nc3 Nge7 7. Be3 Bg4 8. h3
Bh5 9. Nxe5 Nxe5 10. Qxh5 Nxc4 11. dxc4 Bg7 12. Rfd1 Qd7 13. c5 Ng6 14. Nd5
O-O-O 15. cxd6 cxd6 16. Bxa7 Nf4 17. Nxf4 gxf4 18. c4 Qa4 19. Qf5+ 1-0

[Event "Challenge"]
[Site "http://www.queenalice.com/game.php?id=1100524"]
[Date "2012.9.7"]
[Round "-"]
[White "kaskarker"]
[Black "Aracy"]
[Result "0-1"]
[WhiteElo "1750"]
[BlackElo "2134"]

1. Nf3 Nf6 2. Nc3 d5 3. d4 e6 4. a3 Bd6 5. g3 a6 6. Bg2 Nc6 7. Bg5 h6 8. Bh4 g5
9. Nxg5 hxg5 10. Bxg5 Be7 11. h4 Na5 12. e4 dxe4 13. Nxe4 Nxe4 14. Bxe7 Qxe7 15.
Bxe4 Bd7 16. Qf3 O-O-O 17. O-O-O f5 18. Bd3 Bc6 19. Qe2 Bxh1 20. Rxh1 Qd6 21. b4
Nb3+ 22. cxb3 Qc6+ 23. Kd2 Qxh1 0-1

[Event "Challenge"]
[Site "http://www.queenalice.com/game.php?id=1100526"]
[Date "2012.9.7"]
[Round "-"]
[White "jpribeiro"]
[Black "Aracy"]
[Result "0-1"]
[WhiteElo "1958"]
[BlackElo "2125"]

1. e4 e5 2. Nf3 Nf6 3. Bc4 Nxe4 4. Nxe5 d5 5. Bd3 Qg5 6. Qf3 Qxe5 7. O-O Bd6 8.
g3 O-O 9. Re1 Ng5 10. Bxh7+ Kh8 11. Qh5 Qxe1+ 0-1

[Event "Challenge"]
[Site "http://www.queenalice.com/game.php?id=1100527"]
[Date "2012.9.7"]
[Round "-"]
[White "Aracy"]
[Black "jpribeiro"]
[Result "1-0"]
[WhiteElo "2127"]
[BlackElo "1949"]

1. e4 c5 2. c3 d6 3. d4 b6 4. d5 Nf6 5. Bd3 e6 6. Bg5 Be7 7. Bb5+ Bd7 8. Bxf6
Bxb5 9. Bxe7 Qxe7 10. Na3 Ba6 11. Qa4+ Kf8 12. dxe6 Qxe6 13. f3 f5 14. O-O-O
fxe4 15. Qxe4 Qxe4 16. fxe4 Ke7 17. Nf3 Nd7 18. Nc2 Bb7 19. Rhe1 Nf6 20. e5 dxe5
21. Rxe5+ Kf7 22. Ne3 Bxf3 23. gxf3 Rhe8 24. f4 Red8 25. Re1 Re8 26. Nc4 Rxe5
27. fxe5 Ne8 28. Rd1 Ke7 29. Kc2 Rd8 30. Rxd8 Kxd8 31. b4 Kd7 32. bxc5 bxc5 33.
Kd3 Kc6 34. Ke4 Kb5 35. Nd6+ Nxd6+ 36. exd6 Kc6 37. Ke5 a5 38. Ke6 1-0

[Event "Challenge"]
[Site "http://www.queenalice.com/game.php?id=1106484"]
[Date "2012.9.25"]
[Round "-"]
[White "jpribeiro"]
[Black "Aracy"]
[Result "0-1"]
[WhiteElo "1907"]
[BlackElo "2135"]

1. e4 e5 2. Nf3 Nc6 3. Bb5 Bc5 4. h3 Nf6 5. d3 Nd4 6. Nxd4 Bxd4 7. c3 Bb6 8. O-O
c6 9. Bc4 O-O 10. Kh1 d5 11. exd5 cxd5 12. Bb3 Be6 13. f4 e4 14. f5 Bd7 15. Bg5
Bc6 16. dxe4 dxe4 17. Qe1 e3 18. Na3 Re8 19. Qg3 Ne4 0-1

[Event "Challenge"]
[Site "http://www.queenalice.com/game.php?id=1111468"]
[Date "2012.10.11"]
[Round "-"]
[White "Aracy"]
[Black "TonyCM"]
[Result "1-0"]
[WhiteElo "2127"]
[BlackElo "1716"]

1. e4 e5 2. Nf3 d6 3. Bc4 h6 4. Nc3 Nf6 5. d3 Bg4 6. h3 Bh5 7. Be3 Nc6 8. Bb3
Be7 9. O-O Qd7 10. Ba4 a6 11. Nd5 b5 12. Bb3 a5 13. a4 b4 14. Nxe5 Nxe5 15.
Nxf6+ Bxf6 16. Qxh5 Ng6 17. d4 O-O 18. Qxg6 Kh8 19. Qh5 c5 20. dxc5 Bxb2 21.
Rad1 Qe7 22. cxd6 Qf6 23. d7 Kg8 24. Bc5 Rfd8 25. Rd6 Qf4 26. g3 1-0

[Event "Challenge"]
[Site "http://www.queenalice.com/game.php?id=1112122"]
[Date "2012.10.13"]
[Round "-"]
[White "Aracy"]
[Black "URANUS"]
[Result "0-1"]
[WhiteElo "2134"]
[BlackElo "2513"]

1. e4 c5 2. Nf3 d6 3. Nc3 Nf6 4. Bb5+ Bd7 5. Bxd7+ Qxd7 6. d4 cxd4 7. Qxd4 Nc6
8. Qa4 g6 9. Bg5 Bg7 10. Bxf6 Bxf6 11. Nd5 O-O 12. Nxf6+ exf6 13. O-O Rae8 14.
Rad1 Qg4 15. Nd2 Re5 16. f3 Qc8 17. Nb1 b5 18. Qa3 b4 19. Qb3 Qc7 20. Nd2 Nd4
21. Qd3 Qc5 22. Rf2 Ne6 23. Nb3 Qb6 24. Kf1 d5 25. exd5 Nf4 26. Qc4 Rfe8 27.
Rfd2 Qe3 28. Nd4 Nxd5 29. Nf5 Rxf5 30. Rxd5 Rxf3+ 31. gxf3 Qxf3+ 32. Kg1 Re2 33.
Qxe2 Qxe2 34. R1d2 Qe1+ 35. Kg2 f5 36. R5d3 g5 37. Rf2 f4 38. a3 Qe4+ 39. Kg1
bxa3 40. Rxa3 g4 41. Rd3 h5 42. Rd1 h4 43. b3 g3 44. hxg3 fxg3 45. Rg2 Qe3+ 46.
Kh1 Qf3 47. Rd8+ Kg7 48. Kg1 h3 49. Rgd2 Qe3+ 50. Kf1 h2 51. Rxh2 gxh2 52. Kg2
Qg1+ 53. Kf3 h1=Q+ 54. Ke2 Qe4+ 55. Kd2 Qee3# 0-1

[Event "Challenge"]
[Site "http://www.queenalice.com/game.php?id=1121400"]
[Date "2012.11.12"]
[Round "-"]
[White "jdimas"]
[Black "Aracy"]
[Result "0-1"]
[WhiteElo "1776"]
[BlackElo "2132"]

1. e3 d5 2. d4 Nf6 3. c4 e6 4. c5 Be7 5. b4 O-O 6. h4 b6 7. h5 a5 8. Bd2 axb4 9.
Bxb4 Nc6 10. Qd2 Ne4 11. Qb2 Nxb4 12. Qxb4 bxc5 13. dxc5 Bf6 14. h6 Bxa1 15.
hxg7 Bxg7 16. Bd3 Rxa2 17. f3 Qg5 18. fxe4 Qxe3+ 19. Be2 Ba6 20. exd5 Bxe2 21.
Qh4 Bf3+ 22. Kf1 Bxg2# 0-1

[Event "Challenge"]
[Site "http://www.queenalice.com/game.php?id=1121401"]
[Date "2012.11.12"]
[Round "-"]
[White "Aracy"]
[Black "jdimas"]
[Result "1-0"]
[WhiteElo "2131"]
[BlackElo "1739"]

1. e4 e6 2. d4 c5 3. d5 d6 4. Nc3 Nf6 5. Nf3 Qe7 6. Be2 exd5 7. Nxd5 Qd8 8. O-O
Nxd5 9. Bb5+ Bd7 10. Bxd7+ Qxd7 11. Qxd5 h5 12. Bf4 h4 13. Rfd1 g5 14. Nxg5 Rg8
15. e5 dxe5 16. Qxe5+ Qe7 17. Qf5 Bh6 18. Qc8+ 1-0

[Event "OS INCLIVEIS"]
[Site "http://www.queenalice.com/game.php?id=1121427"]
[Date "2012.11.12"]
[Round "-"]
[White "Aracy"]
[Black "adelio"]
[Result "1-0"]
[WhiteElo "2133"]
[BlackElo "1728"]

1. e4 e5 2. Nf3 f6 3. Nc3 c5 4. Bc4 Ne7 5. d3 Nbc6 6. Be3 b6 7. O-O d6 8. a3 Qc7
9. Nd2 a6 10. f4 h5 11. Nd5 Qb8 12. c3 Ra7 13. Qb3 Nxd5 14. Bxd5 Ne7 15. Bf7+
Kd8 16. fxe5 dxe5 17. Bxc5 Rb7 18. Be3 h4 19. Rad1 Bg4 20. Nf3 h3 21. d4 Bxf3
22. dxe5+ Rd7 23. Rxd7+ Kxd7 24. Qe6+ Kc7 25. Qd6+ Kb7 26. Qxb6+ Ka8 27. Qxa6+
Qa7 28. Qxa7# 1-0

[Event "Challenge"]
[Site "http://www.queenalice.com/game.php?id=1160282"]
[Date "2013.3.12"]
[Round "-"]
[White "Aracy"]
[Black "Aspayne"]
[Result "1-0"]
[WhiteElo "2146"]
[BlackElo "2054"]

1. e4 Nf6 2. e5 Nd5 3. d4 d6 4. c4 Nb6 5. Nf3 dxe5 6. Nxe5 g6 7. Nc3 Bg7 8. Be3
O-O 9. Be2 N6d7 10. Nf3 c5 11. d5 Qb6 12. Qd2 Na6 13. O-O Nf6 14. Rae1 Bf5 15.
Ne5 Rad8 16. Bd3 Bxd3 17. Nxd3 Qa5 18. Bg5 Rfe8 19. a3 Nc7 20. Qe3 e6 21. Qf3
exd5 22. Bxf6 Bxf6 23. Qxf6 d4 24. Ne4 Ne6 25. Qe5 1-0